000 00638cam a22002293a 4500
001 11135
003 PGUSA
005 20140828083233.0
008 040201s2004||||xxu|||||s|||||000 | eng d
040 _aPGUSA
_beng
042 _adc
050 4 _aQL
100 1 _aSeton, Ernest Thompson,
_d1860-1946
245 1 0 _aMonarch, the Big Bear of Tallac
_h[electronic resource] /
_cErnest Thompson Seton
260 _bProject Gutenberg,
_c2004
506 _aPublic domain in the USA.
516 _aElectronic text
653 _aBears
830 0 _aProject Gutenberg
_v11135
856 4 0 _uhttp://www.gutenberg.org/ebooks/11135
942 _cEB
999 _c240390
_d240390